C Footballers - Statistics

General Stats
  • This quiz has been taken 14 times
  • The average score is 10 of 20
Answer Stats
Hint Answer % Correct
Most decorated Chelsea keeper ever Cech
92%
Best ever Dutch player Cruyff
92%
Brazilian born Spanish forward Costa
83%
Belgiums No1 Courtois
83%
Ronaldos first name Cristiano
83%
Frenchman instrumental in Man Utds first Premier League title Cantona
75%
Played in 8 FA Cup finals with Arsenal and Chelsea Cole
75%
English defender won Premier league in 2015 Cahill
67%
Most capped Brazilian Cafu
50%
Scored for Arsenal in Champions League final Campbell
50%
Won World Cup with Italy in 2006 Cannavaro
50%
Ex Arsenal Moroccan forward Chamakh
42%
Wales manager in Euro 2016 Coleman
33%
Midfielder won Euros in 2008 and 2012 Cazorla
25%
Won Premier League with Arsenal and Man City Clichy
25%
Won 7 Serie A titles with AC Milan Costacurta
25%
Perus top scorer Cubillas
17%
Arsenals greatest ever manager to some fans Chapman
0%
Joined Liverpool in 1995 for British transfer record £8.5 million Collymore
0%
Managed Palace to their highest ever League position Coppell
0%
No matching quizzes found
Score Distribution
Percent of People with Each Score
Percentile by Number Answered
Your Score History
You have not taken this quiz